Geography Quiz

Random Geography or City Quiz

Capital City Endings by Numbers Quiz Stats

 Plays Quiz not verified by Sporcle

Challenge
Share
Tweet
Embed
Score 0/36 Timer 06:00
0 Plays Today
% Correct
Tallinn
91.9%
Mexico City
91.4%
Georgetown
90.3%
Guatemala City
89.2%
Panama City
88.6%
Vatican City
88.1%
Kingstown
87.6%
Kuwait City
86.5%
Bridgetown
84.3%
Freetown
80.5%
Bishkek
80%
Ankara
77.3%
Bangkok
76.8%
Astana
74.6%
Brasilia
74.1%
Sofia
70.3%
Pretoria
69.2%
Havana
68.6%
% Correct
Honiara
64.9%
Minsk
64.9%
Djibouti
64.3%
Tirana
63.2%
Asmara
60.5%
Vienna
60.5%
Funafuti
60%
Apia
59.5%
Praia
58.4%
Nicosia
56.8%
Melekeok
55.1%
Monrovia
54.6%
Reykjavik
53.5%
Windhoek
53%
Victoria
50.8%
Pristina
48.6%
Ljubljana
47%
N'Djamena
24.3%

You're not logged in!

Compare scores with friends on all Sporcle quizzes.
Join for Free
OR
Log In

You Might Also Like...

Show Comments

Extras

Created Sep 2, 2012ReportNominate
Tags:Capital Quiz, City Quiz, ending

Top Quizzes Today


Score Distribution

Your Account Isn't Verified!

In order to create a playlist on Sporcle, you need to verify the email address you used during registration. Go to your Sporcle Settings to finish the process.

Report this User

Report this user for behavior that violates our Community Guidelines.

Details: